Capitales sans les lettres de "Bruxelles" - Statistiques

Statistiques générales
  • Ce quiz a été pris 9 fois
    2 depuis la dernière actualisation
  • Le résultat moyen est 6 sur 14
Statistiques - réponses
Continents Capitales % Correct
Asie Hanoï
100%
Europe Monaco
100%
Amérique du Nord Ottawa
100%
Asie Pyongyang
100%
Asie Tokyo
100%
Asie Dacca
50%
Europe Vatican
50%
Asie Amman
0%
Océanie Apia
0%
Afrique Dodoma
0%
Asie Doha
0%
Asie Manama
0%
Asie Naypyidaw
0%
Amérique du Nord Panama
0%
Aucun quiz correspondant
Distribution des résultats
% des personnes avec chaque résultat
Percentile par nombre de réponses
Votre historique - résultats
Vous n’avez pas pris ce quiz depuis la dernière actualisation